| 000 | 00730nam a2200229 a 4500 | ||
|---|---|---|---|
| 999 |
_c8719 _d8719 |
||
| 001 | 8719 | ||
| 003 | BD-JhCC | ||
| 005 | 20180529115223.0 | ||
| 008 | 180301s1991 bg a|||| a||| 000 0 b d | ||
| 020 | _a9844105277 | ||
| 035 | _a(BD-JhCC)8719 | ||
| 040 |
_aBD-JhCC _dBD-JhCC |
||
| 041 | _aben | ||
| 082 |
_a660 _bVUI 1991 |
||
| 100 | _aভূইয়া, নূরুল হক. | ||
| 245 |
_aশিল্পরসায়ন ও রাসায়নিক প্রযুক্তি / _nএ.এস.এম.নূরুল হক . |
||
| 260 |
_aঢাকা: _bমাওলা ব্রাদার্স ; _c1991. |
||
| 300 |
_a535 p. : _c21 cm. |
||
| 651 | _aIndvstrial Chemistry. | ||
| 942 |
_2lcc _cBK |
||